Arms and the man an anti-romantic comedy in three acts (Record no. 4234)

MARC details
000 -LEADER
fixed length control field 00477cam a2200181ua 4500
008 - FIXED-LENGTH DATA ELEMENTS--GENERAL INFORMATION
fixed length control field 120227n ii |||gr||||Z||||||eng
040 ## - CATALOGING SOURCE
Transcribing agency MAIN
082 ## - DEWEY DECIMAL CLASSIFICATION NUMBER
Classification number 822
100 ## - MAIN ENTRY--PERSONAL NAME
Personal name Shaw, Bernard,
Relator term
245 11 - TITLE STATEMENT
Title Arms and the man an anti-romantic comedy in three acts
Statement of responsibility, etc. by Bernard Shaw
250 ## - EDITION STATEMENT
Edition statement 1st.
260 ## - PUBLICATION, DISTRIBUTION, ETC.
Place of publication, distribution, etc. Calcutta:
Name of publisher, distributor, etc. Orient longman,
Date of publication, distribution, etc. 1960.
300 ## - PHYSICAL DESCRIPTION
Extent 114p:
Dimensions 15cm.
700 ## - ADDED ENTRY--PERSONAL NAME
Personal name Ward, A. C.,
Relator term
942 ## - ADDED ENTRY ELEMENTS (KOHA)
Koha item type Books
653 ## - INDEX TERM--UNCONTROLLED
Uncontrolled term English drama
Holdings
Withdrawn status Lost status Damaged status Not for loan Home library Current library Shelving location Date acquired Total Checkouts Full call number Barcode Date last seen Copy number Price effective from Koha item type
        Central Library, Naharkatiya College Central Library, Naharkatiya College General Stacks 19/09/2020   822 | SHA 5920 19/09/2020 1 19/09/2020 Books

Naharkatiya College © 2020. All rights reserved.

Powered By